Loading...
| Current Events | 2 | 10.00 | 100% | 0% | 0% |
| Fine Arts - Classical Music | 5 | 14.00 | 60% | 80% | 0% |
| Fine Arts - Other | 4 | 2.50 | 25% | 0% | 0% |
| Fine Arts - Painting & Sculpture | 7 | 11.43 | 71% | 43% | 0% |
| Geography | 2 | 10.00 | 100% | 0% | 0% |
| History - American | 6 | 10.00 | 100% | 0% | 0% |
| History - European | 6 | 10.00 | 83% | 17% | 0% |
| History - Other | 8 | 10.00 | 88% | 13% | 0% |
| History - World | 4 | 10.00 | 100% | 0% | 0% |
| Literature - American | 7 | 15.71 | 86% | 43% | 29% |
| Literature - British | 7 | 14.29 | 100% | 43% | 0% |
| Literature - European | 2 | 10.00 | 50% | 0% | 50% |
| Literature - World | 9 | 13.33 | 100% | 33% | 0% |
| Mythology | 4 | 10.00 | 75% | 0% | 25% |
| Other Academic | 4 | 12.50 | 50% | 75% | 0% |
| Philosophy | 6 | 6.67 | 50% | 17% | 0% |
| Religion | 6 | 11.67 | 83% | 17% | 17% |
| Science - Biology | 12 | 10.00 | 83% | 8% | 8% |
| Science - Chemistry | 6 | 15.00 | 100% | 33% | 17% |
| Science - Other | 6 | 5.00 | 50% | 0% | 0% |
| Science - Physics | 8 | 12.50 | 100% | 25% | 0% |
| Social Science | 4 | 12.50 | 75% | 50% | 0% |